| 000 | 00780nas a2200253 4500 | ||
|---|---|---|---|
| 001 | BR2015006435 | ||
| 003 | BR-BrBNA | ||
| 005 | 20231205125901.0 | ||
| 007 | ta | ||
| 008 | 230509b bl.|||p| |||| 00| 00por d | ||
| 040 |
_aBR-BrBNA _bpor _cBiblioteca Nacional de Agricultura |
||
| 041 | _a(Pt) | ||
| 072 | _aF40; F62; P01 | ||
| 100 | 1 | _aZamith, L.R. | |
| 100 | 1 | _aScarano, F.R. | |
| 245 | 1 | _aProdução de mudas de espécies das restingas do Município do Rio de Janeiro, RJ, Brasil | |
| 650 | _aFENOLOGIA | ||
| 650 | _aPRODUÇÃO | ||
| 650 | _aGERMINAÇÃO | ||
| 650 | _aRESTINGA | ||
| 773 | 0 |
_tActa Botanica Brasilica (Brazil) _xISSN 0102-3306 _g(Jan- Mar 2004), v. 18(1) p. 161-176 _wBR2015006435 |
|
| 909 |
_a202311 _bLúcia _c55 _dLúcia Elande |
||
| 942 |
_2AGRIS _n0 _cANA |
||
| 999 |
_c246693 _d246693 |
||